000 00803nam a22002777a 4500
001 BR0104058
003 BR-BrBNA
005 20230928100853.0
007 ta
008 230509b bl.||||| |||| 00| 0 por d
040 _aBR-BrBNA
_bpor
_cBiblioteca Nacional de Agricultura
041 _a(Por)
072 _aH01; D50
090 _ H01 BR0104058
110 1 _aEmpresa de Assistencia Tecnica e Extensao Rural do Rio Grande do Sul, Porto Alegre (Brasil)
245 1 _aDefesa sanitaria vegetal; diretrizes para o plano plurianual 1997/2000
260 3 _aPorto Alegre, RS (Brasil):
_c2000.
300 _avp.
500 _a6 illus.
650 _aAgrotoxico
650 _aDefesa Vegetal
650 _aLegislacao
650 _aIntoxicacao
909 _a202309
_bLucia
_c55
_dLucia Elande
942 _cBK
999 _c63176
_d63176